| 000 | 00393nam a22001577a 4500 | ||
|---|---|---|---|
| 003 | NUST - PNEC | ||
| 005 | 20170116181145.0 | ||
| 008 | 151008b xxu||||| |||| 00| 0 eng d | ||
| 040 | _cLIBRARY | ||
| 082 | _a629.8 WEB | ||
| 100 |
_914893 _a Webb, C. R. |
||
| 245 |
_aAutomatic control, an introduction _cC. R. Webb |
||
| 260 | _c1964 | ||
| 650 |
_911503 _aControl theory |
||
| 942 |
_2ddc _cBK |
||
| 999 |
_c70639 _d70639 |
||